000 00649nam a2200229Ia 4500
003 OSt
005 20220925230659.0
006 a|||||r|||| 00| 0
007 ta
008 220923b |||||||| |||| 00| 0 eng d
020 _a0862325951
037 _cGeneral Book
040 _aRTL
_cRTL
_beng
041 _2eng
_aeng
082 _aY15.654.N8, M7
100 _aAmadiume Ifi
_923552
245 0 _aMale daughters, female husbands
_b Gender and sex in an African society
260 _aLondon
_bZed Books
_c1998
300 _a223p
_ccm.
942 _hY15.654.N8, M7
_cGB
_2CC
999 _c586327
_d586327